Countries with Crocodilians - Statistics

General Stats
  • This quiz has been taken 164 times
    146 since last reset
  • The average score is 76 of 92
Answer Stats
Species Countries % Correct
2 United States
99%
3 Mexico
96%
2 Panama
95%
2 Australia
94%
6 Brazil
94%
2 Cuba
94%
2 El Salvador
94%
2 Argentina
92%
2 Costa Rica
92%
6 Colombia
91%
3 India
91%
1 Jamaica
91%
3 Suriname
91%
1 Uruguay
91%
5 Bolivia
90%
2 China
90%
3 Guatemala
90%
1 Haiti
90%
4 Indonesia
90%
3 Paraguay
90%
5 Peru
90%
5 Venezuela
90%
5 Ecuador
89%
4 Guyana
89%
3 Malaysia
89%
2 Papua New Guinea
89%
1 Dominican Republic
87%
1 Egypt
87%
1 Laos
87%
1 Namibia
87%
2 Belize
86%
3 Democratic Republic of the Congo
86%
1 Ethiopia
86%
2 Honduras
86%
1 Kenya
86%
2 Nicaragua
86%
1 South Africa
86%
1 Sudan
86%
1 Niger
85%
1 South Sudan
85%
2 Thailand
85%
3 Vietnam
85%
3 Angola
84%
2 Cambodia
84%
2 Myanmar
84%
3 Nigeria
84%
3 Philippines
82%
3 Republic of the Congo
82%
3 Senegal
82%
1 Somalia
82%
2 Tanzania
82%
3 Ghana
81%
2 Pakistan
81%
1 Uganda
81%
2 Zambia
81%
3 Cameroon
80%
3 Central African Republic
80%
1 Malawi
80%
1 Zimbabwe
80%
1 Botswana
78%
1 Madagascar
78%
1 Mozambique
78%
1 Rwanda
78%
3 Bangladesh
77%
3 Benin
77%
1 Burundi
77%
3 Guinea
77%
1 Iran
77%
3 Ivory Coast
77%
2 Trinidad and Tobago
77%
2 Chad
76%
3 Gabon
76%
2 Nepal
76%
2 Sri Lanka
76%
3 Togo
76%
3 Mali
75%
1 Brunei
73%
3 Burkina Faso
73%
1 Eritrea
73%
3 Gambia
73%
1 Solomon Islands
73%
3 Guinea Bissau
72%
3 Sierra Leone
72%
1 Singapore
71%
1 Bhutan
70%
3 Equatorial Guinea
70%
1 East Timor
68%
3 Liberia
68%
2 Mauritania
68%
1 Palau
68%
1 Eswatini
67%
1 Vanuatu
63%
No matching quizzes found
Score Distribution
Percent of People with Each Score
Percentile by Number Answered
Your Score History
You have not taken this quiz since the last reset